| 000 | 00448nam a2200193Ia 4500 | ||
|---|---|---|---|
| 003 | 0100 | ||
| 008 | 130227s9999 xx 000 0 und d | ||
| 040 | _cARRUPELIB | ||
| 050 | _aB765.T54C761 2003 | ||
| 245 | _aContemplating Aquinas | ||
| 245 | _bon the varieties of interpretation | ||
| 260 | _aLondon | ||
| 260 | _bSCM Press | ||
| 260 | _C2003 | ||
| 300 | _a286p. | ||
| 300 | _b 23 cm | ||
| 700 | _aKerr, Fergus (ed.) | ||
| 942 |
_2lcc _01 |
||
| 999 |
_c6099 _d6099 |
||